00485nam a2200181Ia 450000500170000000800410001704000190005804100120007708200170008910000180010624500550012426000370017930000150021663000280023165000140025965100200027385000100029320260206120113.0131103s9999 xx 000 0 und d aLoreto College aEnglish a376.954bAGG aAggarwal,J.C. aIndian womenb education and status cJ.C.Aggarwal aNew DelhibArya Book Depotc1987 avi,120 p.  aIndia - Women Education aEducation aWomen Education aLCLIB